00333nam a2200121Ia 4500008004100000041000800041082001400049100001600063245004500079260004500124300003100169365001100200240624s9999 xx 000 0 und d aeng a658.4 TRI aTRICKER BOB aCORPORATE GOVERNANCE PRINCIPLES POLICIES c2009aNew DelhibOxford University press axvi, : 431 : p. : cm. ; 24 cRSb30